[Event "Bergen Sommer op-A"]
[Site "Bergen"]
[Date "2005.08.03"]
[Round "4"]
[White "Gatland, Erling"]
[Black "Hammersland, Arne Henrik"]
[Result "0-1"]
[WhiteElo "1620"]
[BlackElo "1705"]
[PlyCount "68"]
[EventDate "2005.07.31"]
[EventType "swiss"]
[EventRounds "6"]
[EventCountry "NOR"]
[SourceTitle "EXT 2006"]
[Source "ChessBase"]
[SourceDate "2005.11.24"]
[SourceVersion "1"]
[SourceVersionDate "2005.11.24"]
[SourceQuality "1"]

1. d4 Nf6 2. c4 e6 3. Nc3 Bb4 4. Nf3 0-0 5. Bg5 h6 6. Bh4 d6 7. e3 b6 8. Be2 Nbd7 9. 0-0 Bxc3 10. bxc3 Qe7 11. Qc2 Bb7 12. Nd2 e5 13. f3 Rfe8 14. e4 Nf8 15. g4 Ne6 16. Bf2 Nf4 17. Qd1 Nh3+ 18. Kg2 Nxf2 19. Rxf2 Nd7 20. Nf1 Qg5 21. Qd2 Qxd2 22. Nxd2 Nf8 23. f4 exf4 24. Rxf4 Ng6 25. Rf2 Bxe4+ 26. Nxe4 Rxe4 27. Bf3 Nh4+ 28. Kg3 Nxf3 29. Rxf3 Rae8 30. Raf1 Re3 31. Kf4 R8e4+ 32. Kg3 Kf8 33. a4 a5 34. Kg2 Rxg4+ 0-1

[Event "Bergen Sommer op-A"]
[Site "Bergen"]
[Date "2005.08.02"]
[Round "3"]
[White "Bue, Gunnar"]
[Black "Gatland, Erling"]
[Result "1/2-1/2"]
[WhiteElo "1551"]
[BlackElo "1620"]
[PlyCount "52"]
[EventDate "2005.07.31"]
[EventType "swiss"]
[EventRounds "6"]
[EventCountry "NOR"]
[SourceTitle "EXT 2006"]
[Source "ChessBase"]
[SourceDate "2005.11.24"]
[SourceVersion "1"]
[SourceVersionDate "2005.11.24"]
[SourceQuality "1"]

1. d4 Nf6 2. c4 g6 3. Nc3 d5 4. Nf3 Bg7 5. cxd5 Nxd5 6. Bd2 0-0 7. Rc1 Nxc3 8. Bxc3 c5 9. e3 cxd4 10. Nxd4 a6 11. Be2 e5 12. Nf3 Nc6 13. 0-0 Qe7 14. Qb3 Be6 15. Bc4 Bxc4 16. Qxc4 Rac8 17. Qb3 b5 18. a3 Rfd8 19. Rfd1 Rxd1+ 20. Rxd1 Rd8 21. Rd5 Kh8 22. Qd1 f6 23. b4 h6 24. Rxd8+ Qxd8 25. Qxd8+ Nxd8 26. Nd2 f5 1/2-1/2

[Event "Bergen Sommer op"]
[Site "Bergen"]
[Date "2004.08.03"]
[Round "3"]
[White "Bue, Gunnar"]
[Black "Gatland, Erling"]
[Result "1/2-1/2"]
[WhiteElo "1543"]
[BlackElo "1664"]
[PlyCount "92"]
[EventDate "2004.08.01"]
[EventType "swiss"]
[EventRounds "6"]
[EventCountry "NOR"]
[SourceTitle "CBM 101 Extra"]
[Source "ChessBase"]
[SourceDate "2004.09.01"]
[SourceVersion "2"]
[SourceVersionDate "2004.09.01"]
[SourceQuality "1"]

1. d4 e6 2. c4 b6 3. Nf3 Nf6 4. e3 Ba6 5. a3 Be7 6. Bd3 0-0 7. 0-0 d5 8. b3 Nbd7 9. Bb2 Bb7 10. Nc3 c5 11. Qe2 cxd4 12. exd4 dxc4 13. bxc4 Re8 14. Ne5 Nxe5 15. dxe5 Nd7 16. Rad1 Qc7 17. f4 a6 18. Ne4 Bxe4 19. Bxe4 Rad8 20. Kh1 Nc5 21. Bc2 Rxd1 22. Rxd1 Rd8 23. f5 Rxd1+ 24. Qxd1 Qd7 25. Qxd7 Nxd7 26. fxe6 fxe6 27. g3 Bd8 28. Kg2 Bc7 29. Ba4 Nxe5 30. Bxe5 Bxe5 31. Bd7 Kf7 32. a4 Ke7 33. Bc8 a5 34. Kf3 Kd6 35. Ke4 Bc3 36. g4 g6 37. h3 Be1 38. Ba6 h5 39. Bb5 hxg4 40. hxg4 g5 41. Be8 Bf2 42. Bb5 Bg3 43. Be8 Kc5 44. Kd3 e5 45. Bb5 Kb4 46. Bc6 Kc5 1/2-1/2

[Event "NOR-chT north 0304"]
[Site "Norway"]
[Date "2004.03.06"]
[Round "4.5"]
[White "Larsen, Tor Kristian"]
[Black "Gatland, Erling"]
[Result "1/2-1/2"]
[WhiteElo "1906"]
[BlackElo "1615"]
[PlyCount "157"]
[EventDate "2004.01.??"]
[EventType "team"]
[EventRounds "5"]
[EventCountry "NOR"]
[SourceTitle "EXT 2006"]
[Source "ChessBase"]
[SourceDate "2005.11.24"]
[SourceVersion "1"]
[SourceVersionDate "2005.11.24"]
[SourceQuality "1"]

1. Nf3 e6 2. c4 d5 3. d4 Nf6 4. Nc3 c6 5. Bg5 Nbd7 6. e3 Qa5 7. Nd2 dxc4 8. Bxf6 Nxf6 9. Nxc4 Qc7 10. g3 Bb4 11. Bg2 Nd5 12. Rc1 0-0 13. 0-0 Nxc3 14. bxc3 Be7 15. Qf3 f6 16. Qe4 Bd7 17. Qf4 Qxf4 18. exf4 b5 19. Na5 Rac8 20. Rcd1 Rc7 21. Rfe1 Bd6 22. Bh3 Re8 23. Nb3 Bc8 24. d5 e5 25. fxe5 fxe5 26. Bxc8 Rexc8 27. dxc6 Rxc6 28. Nd2 Bb8 29. Ne4 Bc7 30. Rd7 Rd8 31. Red1 Rxd7 32. Rxd7 Ba5 33. Rxa7 Bxc3 34. Nxc3 Rxc3 35. Rb7 Rc5 36. Kg2 h6 37. h4 e4 38. Kf1 Rc2 39. Rxb5 Rxa2 40. Re5 Ra4 41. Ke2 Kf7 42. Ke3 Ra3+ 43. Kxe4 Kf6 44. Rd5 Ra4+ 45. Rd4 Ra6 46. h5 Ra5 47. g4 Kg5 48. f3 Kf6 49. Rd6+ Kf7 50. f4 Ra4+ 51. Rd4 Ra7 52. Rd6 Ra4+ 53. Ke5 Ra5+ 54. Rd5 Ra7 55. Kf5 Re7 56. g5 hxg5 57. Kxg5 Re1 58. Rd7+ Kg8 59. Kf5 Rh1 60. Kg4 Rg1+ 61. Kf3 Rf1+ 62. Ke4 Re1+ 63. Kf3 Rf1+ 64. Ke3 Re1+ 65. Kf2 Rh1 66. Rd5 Kh7 67. Kg2 Rh4 68. Kg3 Rh1 69. Kg4 Rg1+ 70. Kf5 Rh1 71. Ke6 Kh6 72. Kf7 Rxh5 73. Re5 Rh4 74. f5 Rf4 75. Ke6 Rf3 76. Re1 Rg3 77. f6 gxf6 78. Kxf6 Rf3+ 79. Ke7 1/2-1/2